Word Ladder: Karaoke Fodder Quiz Stats

 Plays Quiz Updated Jun 17, 2012

Support Sporcle.
Go Orange.
Score 0/23 Timer 02:00
0 Plays Today
Clue 4-letter Word % Correct
The Jackson ____FIVE
93.5%
♫ ALL YOU NEED IS ____♫ LOVE ♫
93%
Recorded at a concertLIVE
90.2%
Forfeit a hand of pokerFOLD
89.6%
Chiffons hit, 'One ____ Day'FINE
89.4%
DiscoveryFIND
88.6%
'The Ties That ____'BIND
87.4%
SoloLONE
87.3%
'The ____ And Winding Road'LONG
86.8%
Kind of chop or sausagePORK
86.6%
US President James K.POLK
84.9%
♫ SEEGER AND DYLAN GENRE ♫♫ FOLK ♫
84.5%
Clue 4-letter Word % Correct
Heedless of dangerBOLD
79%
Like Sinéad O'ConnorBALD
76.8%
Added benefitPERK
75%
Apex, zenith, or acmePEAK
65.7%
Gardener's mossPEAT
64.7%
♫ UGLY DUCKLING, REALLY ♫♫ SWAN ♫
64.7%
Orchestral chairSEAT
63.9%
♫ COMMON BOND ♫♫ SONG ♫
57.1%
Minstrel BARD
54.4%
♫ VIREO, BUNTING, OR TANAGER ♫♫ BIRD ♫
53.2%
Team you don't want on your lawnSWAT
50.9%

Today's Daily Dose

Missing Word
'80s Musicals

Word Ladder
Hereditary

Get the Picture
Food Names

From the Vault

All About Avoir

by Curry11

We are really hungry for a croissant right now.
Remove Ads.
Support Sporcle.
Get the best of Sporcle when you Go Orange. This ad-free experience offers more features, more stats, and more fun while also helping to support Sporcle. Thank you for becoming a member.

Show Comments

Extras

Top Quizzes Today


Score Distribution

Your Account Isn't Verified!

In order to create a playlist on Sporcle, you need to verify the email address you used during registration. Go to your Sporcle Settings to finish the process.

Report this User

Report this user for behavior that violates our Community Guidelines.

Details: